Copenhagen Trainstations by 2025 (map quiz) - Statistics

General Stats
  • This quiz has been taken 306 times
  • The average score is 58 of 161
Answers on the Map
Answers color-coded by a green-red scale on the quiz's map according to % correct below.
 
Answer Stats
Type Station % Correct
S-train/ Metro Copenhagen Central Station
83%
S-train/ Metro Nørreport
83%
S-train/ Metro Østerport
80%
Metro Copenhagen Airport
79%
S-train/ Metro Nørrebro
70%
Metro Kongens Nytorv
69%
Metro Frederiksberg
66%
S-train Vesterport
66%
Metro Kastrup
63%
S-train/ Metro North Harbor
63%
Metro Christianshavn
62%
S-train Hellerup
62%
S-train Køge
61%
S-train/ Metro Vanløse
61%
S-train Valby
59%
Metro Amagerbro
58%
S-train Hillerød
58%
S-train/ Light rail Lyngby
58%
Metro Ørestad
58%
Metro Vestamager
58%
S-train/ Metro Copenhagen South
55%
S-train Klampenborg
55%
S-train Høje Taastrup
54%
Metro Amager Strand
53%
S-train Frederikssund
53%
Regional train Roskilde
53%
Metro City Hall Square
52%
Metro Forum
52%
Metro DR byen
51%
S-train Farum
51%
S-train Hvidovre
51%
S-train Rødovre
51%
S-train South Harbor
51%
S-train Svanemøllen
51%
S-train Taastrup
51%
S-train/ Metro Flintholm
50%
Regional train Helsingør
50%
Metro Marmorkirken
50%
Metro Gammel Strand
49%
S-train Carlsberg
48%
S-train Gentofte
48%
Metro Islands Brygge
48%
S-train Ballerup
47%
Metro Orientkaj
47%
S-train Holte
45%
S-train Birkerød
44%
S-train Dybbølsbro
44%
Metro Trianglen
44%
Metro Bella Center
43%
S-train/ Light rail Herlev
43%
S-train/ Light rail Ishøj
43%
S-train Køge North
43%
S-train Ryparken
43%
S-train Allerød
42%
Metro Femøren
42%
S-train/ Light rail Glostrup
42%
S-train Greve
42%
S-train Charlottenlund
41%
Metro Øresund
41%
Metro Frederiksberg Allé
40%
S-train Bispebjerg
39%
S-train Brøndby Strand
39%
Metro Enghave Plads
39%
Metro Nuuks Plads
39%
Metro Sundby
39%
S-train Virum
39%
S-train Hundige
38%
S-train KB Hallen
38%
Regional train Tårnby
38%
Metro Lergravsparken
37%
S-train Ordrup
37%
S-train Peter Bangs Vej
37%
Metro Fasanvej
36%
Regional train Hedehusene
36%
Metro Nørrebros Runddel
36%
S-train Sorgenfri
36%
S-train/ Light rail Buddinge
35%
S-train Husum
35%
Regional train Trekroner
35%
S-train Jægersborg
34%
S-train Albertslund
33%
S-train Fuglebakken
33%
Regional train Nivå
33%
S-train Ølstykke
33%
S-train Værløse
33%
Metro Vibenshus Runddel
33%
S-train Danshøj
32%
S-train Grøndal
32%
Metro Skjolds Plads
32%
S-train Solrød Strand
32%
Regional train Espergærde
31%
S-train Islev
31%
Metro Mozarts Plads
31%
Metro Poul Henningsens Plads
31%
Regional train Skodsborg
31%
Metro Lindevang
30%
S-train Sjælør
30%
S-train Skovlunde
30%
S-train Ålholm
29%
S-train Bernstorffsvej
29%
S-train Brøndbyøster
29%
S-train Jersie
29%
Regional train Kokkedal
29%
S-train Ølby
29%
Metro Aksel Møllers Have
28%
S-train Avedøre
28%
S-train Emdrup
28%
Metro Enghave Brygge
28%
S-train Favrholm
28%
S-train Friheden
28%
Metro Sluseholmen
28%
Regional train Snekkersten
28%
S-train/ Light rail Vallensbæk
28%
Regional train Vedbæk
28%
S-train Bagsværd
27%
S-train Hareskov
27%
Regional train Humlebæk
27%
S-train Karlslunde
27%
S-train Malmparken
27%
S-train Åmarken
26%
S-train Dyssegård
26%
Metro Havneholmen
25%
Regional train Rungsted Kyst
25%
S-train Jyllingevej
24%
S-train Stenløse
24%
S-train Høvelte
23%
S-train Langgade
22%
Light rail Brøndbyvester
21%
S-train Stengården
21%
S-train Vigerslev Allé
21%
S-train Måløv
20%
S-train Vangede
20%
S-train Skovbrynet
19%
S-train Kildebakke
18%
S-train Vinge
18%
Regional train Borup
17%
S-train Egedal
17%
Light rail Ishøj Strand
17%
Light rail Glostrup Hospital
16%
Light rail Herlev Hospital
16%
S-train Kildedal
16%
Light rail Lundtofte
16%
S-train Veksø
16%
Light rail Lyngby Centrum
14%
Light rail Rødovre North
14%
Regional train Viby Sjælland
14%
Light rail Glostrup Ejby
13%
Light rail Herlev Bymidte
13%
Light rail Herlev South
13%
Light rail Kirkebjerg
13%
Light rail Delta Park
12%
Light rail Gladsaxe Rådhus
12%
Light rail Glostrup North
12%
Light rail Dynamovej
11%
Light rail Gammelmosevej
10%
Light rail Gladsaxe Trafikplads
10%
Light rail Strandhaven
9%
Light rail Akademivej
8%
Light rail Anker Engelunds Vej
8%
Light rail Rævehøjvej
8%
Light rail Fortunbyen
7%
No matching quizzes found
Score Distribution
Percent of People with Each Score
Percentile by Number Answered
Your Score History
You have not taken this quiz